01015cam a2200265 a 450000100100000000500170001000800410002702000150006804000180008308200180010110000370011924000420015624501290019824600260032726000490035330000280040249000310043050400410046165000450050265100390054765100400058665100610062670000300068783000320071700001449920200929163848.0020925r20011998pr a b 000 0 spa  a156328197X aDO-SdBNPcDLC a304.82bL864e1 aLopez Blanch, Hedelberto,d1947-10aEmigración cubana en Estados Unidos10aDescorriendo mamparas :bla emigración cubana en los Estados Unidos /cHedelberto Lopez Blanch ; prólogo Wayne S. Smith.30aDescorriendo mamparas aSan Juan, Puerto Rico :bPlaza Mayor,c2001. a194 p. :bil. ;c21 cm.1 aCultura cubanaaPeriodismo aIncluye referencias bibliográficas 4aCubaxCondiciones económicasySIGLO XX 4aCubaxEmigración E Inmigración 4aEstados UnidosxRelaciones Con Cuba 4aEstados UnidosxRelaciones RacialesxOpinión Pública1 aSmith, Wayne S.,bpról. 0aCultura cubana.pPeriodismo